00648nam a2200181 a 450000100100000000500170001000800410002704000250006808200120009310000230010524500280012826000760015630000300023260000630026265000360032565000270036165100780038800003283620240412074256.0110727t1954 dr c 000 pbspa d aDO-SdBNPbspacBNPHU aF-RD 821 aHoepelman, Antonio10aEra y obra de Trujillo. aCiudad Trujillo, República Dominicana :bImpresora Dominicana,c1954. a28 p. :bretrs. ;c19 cm. 0aTrujillo Molina, Rafael Leónidas, d1891-1961xPoesías 4aPoesía histórica dominicana 0aLiteratura dominicana. 4aRepública DominicanaxPolítica Y GobiernoyERA DE TRUJILLO, 1930-1961